000 00496nam a2200193 a 4500
001 1771067064002
003 YourLibrary
005 20260214163806.0
008 260214s2007##################000#0#eng##
020 _a9780415416764
082 0 4 _a306.6
_bHER
100 1 _aHerriot, Peter,
_eauthor.
245 1 0 _aReligious Fundamentalism and Social Identity :
260 _c2007.
300 _a152 pages
650 0 _aPsychology.
942 _cENGLISH
040 _aYourLibrary
_beng
_cYourLibrary
999 _c612579
_d612579